MARC

LEADER 00000nam a2200000Ia 4500
001 13605
003 Arxiu
005 20260324175716.0
008 160829s2002 spc xx s cat c
020 |a 84-7794-834-8 
040 |a AGDB 
080 |a FU-16-21 
100 1 |a Tomàs Fornés, Mariona  |9 39241 
245 1 0 |a Unió Europea :  |b  el debat sobre l'eficiència i la democràcia local /   |c Mariona Tomàs Fornés 
260 |a [Barcelona] :  |b ICPS, Institut de Ciències Polítiques i Socials :  |b Diputació de Barcelona, Xarxa de Municipis,  |c 2002 
300 |a 35 p., taules ;  |c 24 cm 
490 1 |a Col·lecció món local ;  |v 5 
590 |a Bibliografia.  
590 |a A la coberta: Flor de Maig, Centre per a la Innovació Local 
650 |a Administració local  |x Unió Europea, Països de la   |9 39546 
650 |a Descentralització administrativa  |x Unió Europea, Països de la  |9 42445 
710 1 |a Barcelona (Catalunya : Província).  |b Diputació  |9 52408 
710 2 |a Centre per a la Innovació Local  |9 54171 
710 2 |a Institut de Ciències Polítiques i Socials (Barcelona, Catalunya)  |9 55871 
830 0 |9 55984  |a Col·lecció món local  |v 5 
901 |a Arxiu 
942 |n 1  |2 udc  |c ARXIU 
952 |0 0  |1 0  |4 0  |6 FU1621  |7 1  |9 48529  |a Arxiu  |b Arxiu  |d 2016-12-01  |l 0  |o FU-16-21  |p 13605  |r 2016-12-01 00:00:00  |w 2016-12-01  |y ARXIU 
999 |c 52358  |d 52358